[Event "Novosibirsk"]
[Site "?"]
[Date "1993.??.??"]
[Round "?"]
[White "Ehlvest, J."]
[Black "Beliavsky, A."]
[Result "1/2-1/2"]
[WhiteElo "2625"]
[BlackElo "2610"]
[PlyCount "43"]
[EventDate "1993.??.??"]
[Source "ChessBase"]
[SourceDate "1993.06.01"]

1. c4 Nf6 2. Nc3 c5 3. Nf3 d5 4. cxd5 Nxd5 5. g3 g6 6. d3 Nxc3 7. bxc3 Bg7 8. Bd2 Bd7 9. Bg2 Bc6 10. O-O O-O 11. Rb1 b5 12. Nh4 Qa5 13. a4 a6 14. axb5 axb5 15. Qb3 Rc8 16. Bxc6 Nxc6 17. Qxb5 Bxc3 18. Qxa5 Bxa5 19. Bxa5 Nxa5 20. Nf3 c4 21. dxc4 Nxc4 22. Rfc1 1/2-1/2

[Event "Biel"]
[Site "Biel"]
[Date "1992.??.??"]
[Round "2"]
[White "Hansen, Curt"]
[Black "Beliavsky, Alexander G"]
[Result "1/2-1/2"]
[WhiteElo "2635"]
[BlackElo "2595"]
[PlyCount "126"]
[EventDate "1992.07.??"]
[Source "ChessBase"]

1. c4 Nf6 2. Nc3 c5 3. Nf3 d5 4. cxd5 Nxd5 5. g3 Nc6 6. Bg2 Nc7 7. O-O e5 8. a3 Rb8 9. d3 Be7 10. Rb1 Bd7 11. Bd2 a5 12. Ne4 O-O 13. Bc3 f6 14. a4 Be6 15. b3 Nd5 16. Rc1 b6 17. Ned2 Qd7 18. Nc4 Rfd8 19. Bb2 Bf8 20. Nfd2 Kh8 21. Ne4 Qf7 22. h3 Qh5 23. Kh2 Nd4 24. Bxd4 cxd4 25. e3 Qxd1 26. Rfxd1 Nb4 27. Bf1 Be7 28. g4 Kg8 29. Ng3 dxe3 30. fxe3 Bc5 31. Nf5 g6 32. d4 Bf8 33. Ng3 exd4 34. exd4 Bh6 35. Rc3 Bf4 36. Kg1 Rd7 37. Ne4 Nd5 38. Rf3 Kg7 39. Re1 Bf7 40. Nc3 Bg5 41. Nb5 Nb4 42. Bg2 Nc2 43. Rd1 Bxc4 44. bxc4 Ne3 45. Re1 Nxc4 46. Re6 Rbd8 47. Rc3 Nd6 48. Nxd6 Rxd6 49. Re7+ Kh6 50. Rcc7 Rh8 51. d5 f5 52. Re6 Bf4 53. Rf7 Kg5 54. gxf5 gxf5 55. Kf2 h5 56. Bf3 Rxe6 57. dxe6 Re8 58. h4+ Kg6 59. Bd5 Bd6 60. Bc4 Re7 61. Kf3 Re8 62. Bd3 Rxe6 63. Rxf5 Rf6 1/2-1/2

[Event "ACT op"]
[Site "Amsterdam"]
[Date "2004.07.25"]
[Round "9"]
[White "Timman, Jan H"]
[Black "Krasenkow, Michal"]
[Result "1/2-1/2"]
[WhiteElo "2596"]
[BlackElo "2632"]
[PlyCount "46"]
[EventDate "2004.07.17"]
[Source "Roberto Alvarez"]
[SourceDate "2004.07.26"]

1. c4 c5 2. Nf3 Nf6 3. Nc3 d5 4. cxd5 Nxd5 5. d4 Nxc3 6. bxc3 g6 7. e3 Bg7 8. Bb5+ Bd7 9. a4 Qa5 10. Bxd7+ Nxd7 11. Bd2 e5 12. O-O O-O 13. e4 exd4 14. cxd4 Qa6 15. Be3 Rfd8 16. Qb3 cxd4 17. Bxd4 Bxd4 18. Nxd4 Nc5 19. Qe3 Nxa4 20. e5 Qc4 21. Nf3 Nc3 22. h3 Rd3 23. Qh6 Ne2+ 1/2-1/2

[Event "III President's Cup"]
[Site "Baku AZE"]
[Date "2008.05.14"]
[Round "3"]
[White "Milov, V."]
[Black "Stefanova, A."]
[Result "1-0"]
[WhiteElo "2690"]
[BlackElo "2538"]
[PlyCount "51"]
[EventDate "2008.05.12"]
[Source "www.chesslib.no"]
[SourceDate "2004.05.04"]

1. c4 c5 2. Nf3 Nf6 3. Nc3 d5 4. cxd5 Nxd5 5. e4 Nb4 6. d3 N8c6 7. a3 Na6 8. Be3 e5 9. Be2 Bd6 10. O-O O-O 11. Nd2 Nc7 12. Rc1 Ne6 13. Bg4 b6 14. Nc4 Be7 15. Nd5 Bd7 16. b4 cxb4 17. axb4 Rc8 18. Qd2 Bf6 19. Qa2 Bg5 20. Nd6 Nf4 21. Bxd7 Nxg2 22. Bxc8 Nxe3 23. fxe3 Qxd6 24. Qg2 h6 25. Kh1 Nxb4 26. Bb7 1-0

[Event "WCC"]
[Site "?"]
[Date "2005.11.27"]
[Round "1.2"]
[White "Ghaem Maghami Ehsan"]
[Black "Najer Evgeniy"]
[Result "1/2-1/2"]
[WhiteElo "2586"]
[BlackElo "2641"]
[PlyCount "72"]
[EventDate "2005.??.??"]
[Source "www.chesslib.no"]
[SourceDate "2004.05.04"]

1. c4 c5 2. Nf3 Nf6 3. Nc3 d5 4. cxd5 Nxd5 5. g3 Nc6 6. Bg2 Nc7 7. d3 e5 8. O-O Be7 9. a3 O-O 10. Bd2 Bd7 11. Rb1 a5 12. Ne1 Be6 13. Be3 Nd5 14. Bd2 Nc7 15. b3 Nd4 16. e3 Nc6 17. Qe2 Rb8 18. Na4 Bd5 19. f4 exf4 20. gxf4 Bxg2 21. Qxg2 f5 22. Rc1 Ne6 23. Nc3 Rf7 24. Nd5 Bf8 25. Bc3 Ra8 26. Kh1 a4 27. b4 cxb4 28. axb4 Nc7 29. Nxc7 Rxc7 30. Rb1 b5 31. Rg1 Ra6 32. e4 Nd4 33. Ba1 Rg6 34. Qa2+ Nb3 35. Rxg6 hxg6 36. Be5 Bd6 1/2-1/2

[Event "Linares m"]
[Site "Linares"]
[Date "1993.??.??"]
[Round "2"]
[White "Illescas Cordoba, Miguel"]
[Black "Ljubojevic, Ljubomir"]
[Result "1/2-1/2"]
[WhiteElo "2625"]
[BlackElo "2595"]
[PlyCount "103"]
[EventDate "1993.09.??"]
[Source "ChessBase"]

1. Nf3 c5 2. c4 Nf6 3. Nc3 d5 4. cxd5 Nxd5 5. g3 Nc6 6. Bg2 Nc7 7. O-O g6 8. d3 Bg7 9. Be3 b6 10. Qc1 Bd7 11. Bh6 O-O 12. Bxg7 Kxg7 13. Rd1 Rc8 14. d4 cxd4 15. Nxd4 Nxd4 16. Rxd4 e5 17. Rd3 Qe7 18. Qd2 Bf5 19. e4 Be6 20. Rd1 Qc5 21. h4 h6 22. Qe1 Qb4 23. R1d2 Nb5 24. a3 Qc4 25. Nxb5 Qxb5 26. Kh2 Rc2 27. Rxc2 Qxd3 28. Rc7 Qd4 29. b4 Rd8 30. Bh3 Bxh3 31. Kxh3 Rd7 32. Rxd7 Qxd7+ 33. Kg2 Qd3 34. a4 g5 35. hxg5 hxg5 36. g4 Qd7 37. f3 Qxa4 38. Qd2 f6 39. Qd6 Kf7 40. Qd5+ Ke7 41. b5 Qc2+ 42. Kg3 Qc8 43. Qa2 Qd7 44. Qa3+ Ke8 45. Qb3 Qd8 46. Qc4 Ke7 47. Qb4+ Qd6 48. Qa4 Qc7 49. Qa3+ Ke8 50. Qa2 Qf7 51. Qc2 Qe6 52. Qa4 1/2-1/2

[Event "CRO-chT"]
[Site "Rabac"]
[Date "2003.09.12"]
[Round "6"]
[White "Tkachiev, Vladislav"]
[Black "Palac, Mladen"]
[Result "1/2-1/2"]
[WhiteElo "2654"]
[BlackElo "2561"]
[PlyCount "60"]
[EventDate "2003.09.07"]
[Source "Roberto Alvarez"]
[SourceDate "2003.09.22"]

1. Nf3 c5 2. c4 Nf6 3. Nc3 d5 4. cxd5 Nxd5 5. e4 Nb4 6. Bb5+ N8c6 7. d4 cxd4 8. a3 Bd7 9. Nxd4 Nxd4 10. Bxd7+ Qxd7 11. axb4 e6 12. Be3 Rd8 13. O-O Bxb4 14. Bxd4 Qxd4 15. Qa4+ Ke7 16. Nb5 Qxe4 17. Rfe1 Qxe1+ 18. Rxe1 Bxe1 19. Qa3+ Kf6 20. Qf3+ Ke7 21. Qa3+ Kf6 22. Nd6 h5 23. h4 Bd2 24. Qf3+ Kg6 25. Nc4 f6 26. Qa3 Kf7 27. Qxa7 Rd7 28. Nxd2 Rxd2 29. Qxb7+ Kg8 30. Qe4 Kf7 1/2-1/2

[Event "Horgen"]
[Site "?"]
[Date "1994.??.??"]
[Round "?"]
[White "Kortchnoi, V."]
[Black "Gavrikov, V."]
[Result "1/2-1/2"]
[WhiteElo "2615"]
[BlackElo "2600"]
[PlyCount "158"]
[EventDate "1994.??.??"]
[Source "ChessBase"]
[SourceDate "1994.06.01"]

1. c4 c5 2. Nf3 Nf6 3. Nc3 d5 4. cxd5 Nxd5 5. e3 Nxc3 6. bxc3 g6 7. Bb5+ Nd7 8. O-O Bg7 9. d4 O-O 10. a4 b6 11. Ba3 Bb7 12. Re1 Nf6 13. Bd3 Qc7 14. e4 Rfd8 15. a5 Nh5 16. Rc1 e5 17. a6 Bc8 18. Bc4 Be6 19. d5 Bg4 20. h3 Bxf3 21. Qxf3 Nf6 22. Bd3 Ne8 23. h4 Nd6 24. h5 Rf8 25. Qg3 Rae8 26. Rcd1 Bh6 27. Qh2 Kg7 28. c4 Qc8 29. Bb2 f6 30. Ra1 Qg4 31. g3 Qxh5 32. Qxh5 gxh5 33. Kg2 h4 34. gxh4 Bf4 35. Kh3 Kh6 36. Rg1 Rg8 37. Rxg8 Rxg8 38. Bc1 Bxc1 39. Rxc1 Rc8 40. f3 Kg7 41. Kg3 Kf7 42. Kf2 Rg8 43. Bf1 Ke7 44. Bh3 Kd8 45. Bf5 h6 46. h5 Kc7 47. Bh7 Rg7 48. Bg6 b5 49. cxb5 Kb6 50. Rb1 c4 51. f4 Rc7 52. fxe5 fxe5 53. Ke3 c3 54. Kd3 c2 55. Rc1 Kxb5 56. Rxc2 Rxc2 57. Kxc2 Kxa6 58. Kc3 Kb5 59. Kb3 a5 60. Bh7 a4+ 61. Kc3 Kc5 62. Bg6 Nb5+ 63. Kb2 Kb4 64. Bh7 Nd6 65. Bg6 Nb7 66. Ka2 a3 67. Bf5 Nd6 68. Bh7 Nc4 69. Bg6 Ka4 70. Be8+ Ka5 71. Bg6 Kb4 72. Bf5 Nd6 73. Bh7 Nb5 74. Bg6 Nc3+ 75. Ka1 Kb5 76. Bf5 Kc5 77. Bg6 Kd6 78. Bh7 Ke7 79. Bf5 Kd6 1/2-1/2

[Event "Banja Luka"]
[Site "Banja Luka"]
[Date "1976.??.??"]
[Round "9"]
[White "Hort, Vlastimil"]
[Black "Smejkal, Jan"]
[Result "1/2-1/2"]
[WhiteElo "2600"]
[BlackElo "2615"]
[PlyCount "35"]
[EventDate "1976.12.??"]
[Source "ChessBase"]

1. c4 c5 2. Nf3 Nf6 3. Nc3 d5 4. cxd5 Nxd5 5. Qc2 e6 6. b3 Be7 7. Bb2 O-O 8. e3 Nc6 9. a3 b6 10. Nxd5 Qxd5 11. Bd3 h6 12. Bh7+ Kh8 13. Be4 Qd6 14. d4 Bb7 15. Rc1 Rac8 16. dxc5 Qxc5 17. Qxc5 bxc5 18. O-O 1/2-1/2

[Event "Rotterdam"]
[Site "?"]
[Date "1989.??.??"]
[Round "?"]
[White "Hjartarson, J."]
[Black "Vaganian, R."]
[Result "1/2-1/2"]
[WhiteElo "2615"]
[BlackElo "2600"]
[PlyCount "73"]
[EventDate "1989.??.??"]
[Source "ChessBase"]
[SourceDate "1989.01.01"]

1. c4 c5 2. Nf3 Nf6 3. Nc3 d5 4. cxd5 Nxd5 5. g3 Nc6 6. Bg2 Nc7 7. O-O e5 8. d3 Be7 9. Nd2 Bd7 10. Nc4 O-O 11. Bxc6 Bxc6 12. Nxe5 Be8 13. Be3 Ne6 14. Rc1 Bf6 15. Nf3 Bc6 16. Qb3 Bd4 17. Bxd4 Nxd4 18. Nxd4 cxd4 19. Ne4 Re8 20. Rc5 Qd7 21. Rfc1 h6 22. f3 Rad8 23. g4 Bd5 24. Qc2 Qe6 25. a3 h5 26. g5 Qg6 27. Kh1 b6 28. Rc7 Bxe4 29. fxe4 Qxg5 30. Rxa7 Rd6 31. Rg1 Qf4 32. Qc7 Rf6 33. Qd7 Qe5 34. Qc7 Rf2 35. Qxe5 Rxe5 36. Rg2 Rf1+ 37. Rg1 1/2-1/2

[Event "Moscow RUS"]
[Site "?"]
[Date "2006.02.11"]
[Round "4"]
[White "Dyachkov Sergej"]
[Black "Naiditsch Arkadij"]
[Result "1/2-1/2"]
[WhiteElo "2554"]
[BlackElo "2657"]
[PlyCount "75"]
[EventDate "2006.??.??"]
[Source "www.chesslib.no"]
[SourceDate "2004.05.04"]

1. Nf3 Nf6 2. c4 c5 3. Nc3 d5 4. cxd5 Nxd5 5. e3 Nxc3 6. bxc3 g6 7. d4 Bg7 8. Bd3 O-O 9. O-O Qc7 10. Rb1 Nd7 11. e4 b6 12. Bg5 e6 13. Qd2 Bb7 14. Qe3 Rac8 15. Rfd1 cxd4 16. cxd4 Qd6 17. Bb5 Rc2 18. e5 Qd5 19. Ba4 Rc7 20. Be7 Rfc8 21. Bd6 Rc3 22. Qe2 Nb8 23. Bb4 Ba6 24. Qe1 Rd3 25. Bb3 Rxd1 26. Rxd1 Bc4 27. Rc1 Rc6 28. Rxc4 Rxc4 29. Nd2 b5 30. Nxc4 bxc4 31. Qc3 a5 32. Bd6 Nc6 33. Qxc4 Qxd4 34. Qxd4 Nxd4 35. Ba4 Ne2+ 36. Kf1 Nc3 37. Bb3 a4 38. Bc4 1/2-1/2

[Event "Tilburg"]
[Site "Tilburg"]
[Date "1985.??.??"]
[Round "?"]
[White "Dzindzichashvili, Roman"]
[Black "Timman, Jan H"]
[Result "1-0"]
[WhiteElo "2570"]
[BlackElo "2640"]
[PlyCount "191"]
[EventDate "1985.08.??"]
[Source "ChessBase"]

1. c4 c5 2. Nf3 Nf6 3. Nc3 d5 4. cxd5 Nxd5 5. g3 Nc6 6. Bg2 Nc7 7. O-O e5 8. d3 Be7 9. Nd2 O-O 10. Bxc6 bxc6 11. Nc4 f6 12. b3 Bh3 13. Re1 Ne6 14. Bb2 h5 15. e3 Qe8 16. f3 h4 17. Ne4 hxg3 18. hxg3 Qh5 19. Qe2 Rad8 20. Rad1 Rd5 21. Nf2 Rfd8 22. f4 Qh7 23. Qf3 exf4 24. exf4 Bf5 25. g4 Bxd3 26. Rxe6 Bxc4 27. bxc4 Rxd1+ 28. Nxd1 Qc2 29. Nf2 Bf8 30. Re2 Qxc4 31. Qe4 Qd5 32. f5 Bd6 33. Qe6+ Kf8 34. g5 fxg5 35. Qg6 Qf7 36. Qxg5 Be7 37. Qg6 Qxg6+ 38. fxg6 Rd6 39. Bxg7+ Ke8 40. Kf1 Rxg6 41. Bc3 Kd7 42. Re4 Rg3 43. Bb2 Bd8 44. Ke2 Bb6 45. Rg4 Rxg4 46. Nxg4 c4 47. Ne5+ Kd6 48. Nxc4+ Kc5 49. Kd3 Kb4 50. Ba3+ Ka4 51. Bd6 Bf2 52. Nb2+ Kb5 53. Kc3 Bb6 54. a4+ Ka6 55. Nc4 Bf2 56. Kd3 Kb7 57. Ke4 Kc8 58. Be5 Kb7 59. Bf4 Bc5 60. Ke5 Bb4 61. Be3 Ka6 62. Ke6 Kb7 63. Kd7 Ka6 64. Kxc6 Be1 65. Kd5 Bc3 66. Ke4 Bb4 67. Kd3 Be1 68. Kc2 Bb4 69. Kb3 Bf8 70. Ne5 Kb7 71. Kc4 Bd6 72. Nf3 Bc7 73. Kb5 Bd8 74. Ne5 Bc7 75. Nd3 Bd6 76. Bc5 Bc7 77. Nb4 Bg3 78. a5 Be1 79. a6+ Ka8 80. Nd5 Bg3 81. Kc6 Be5 82. Ne3 Bf4 83. Nc4 Bc7 84. Na3 Bg3 85. Nb5 Bf4 86. Nxa7 Bb8 87. Nb5 Bg3 88. Bd6 Bf2 89. Nc7+ Kb8 90. Nd5+ Ka7 91. Kb5 Ka8 92. Bc5 Bg3 93. Bd4 Kb8 94. Kb6 Ka8 95. a7 Be5 96. Ka6 1-0

[Event "Tilburg"]
[Site "?"]
[Date "1991.??.??"]
[Round "?"]
[White "Kortchnoi, V."]
[Black "Kamsky, G."]
[Result "1/2-1/2"]
[WhiteElo "2610"]
[BlackElo "2595"]
[PlyCount "109"]
[EventDate "1991.??.??"]
[Source "ChessBase"]
[SourceDate "1991.10.01"]

1. c4 c5 2. Nf3 Nf6 3. Nc3 d5 4. cxd5 Nxd5 5. e3 Nxc3 6. bxc3 g6 7. Bb5+ Nd7 8. a4 Bg7 9. d4 O-O 10. O-O Qc7 11. Ba3 b6 12. e4 Nf6 13. Re1 Rd8 14. Bd3 Bb7 15. Qd2 e6 16. h3 Rac8 17. Qe3 Nh5 18. a5 cxd4 19. cxd4 bxa5 20. Rab1 Ba8 21. g4 Nf6 22. Ne5 Rb8 23. Rbc1 Qb6 24. Bc5 Qc7 25. Qf4 Ne8 26. Ba3 Bxe5 27. dxe5 Qb6 28. Qh6 Ng7 29. Bd6 Rxd6 30. exd6 Qxd6 31. Qe3 h5 32. Qxa7 hxg4 33. hxg4 Qf4 34. Kf1 Rf8 35. Qxa5 Qxg4 36. Re3 Nh5 37. Be2 Qh4 38. Ke1 Nf4 39. Bf1 Nh5 40. Qe5 Nf6 41. Rh3 Qxe4+ 42. Qxe4 Bxe4 43. Ba6 Nd5 44. Rc8 Rxc8 45. Bxc8 Nf4 46. Ra3 g5 47. Kd2 Kg7 48. Ra7 Kf6 49. Bb7 Bg6 50. f3 Bh5 51. Ke3 Ng6 52. Ra5 Ne5 53. Rc5 Bg6 54. Be4 Bxe4 55. Kxe4 1/2-1/2

[Event "15th Vidmar mem"]
[Site "Terme Zrece"]
[Date "2003.08.19"]
[Round "2.3"]
[White "Halkias, Stelios"]
[Black "Sutovsky, Emil"]
[Result "1/2-1/2"]
[WhiteElo "2560"]
[BlackElo "2639"]
[PlyCount "111"]
[EventDate "2003.08.17"]
[Source "Roberto Alvarez"]
[SourceDate "2003.08.25"]

1. Nf3 Nf6 2. c4 c5 3. Nc3 d5 4. cxd5 Nxd5 5. e4 Nb4 6. Bc4 Nd3+ 7. Ke2 Nxc1+ 8. Rxc1 Nc6 9. Bb5 Bd7 10. d4 cxd4 11. Bxc6 Bxc6 12. Nxd4 Bd7 13. Nd5 Rc8 14. Rxc8 Qxc8 15. Qd3 e6 16. Nc3 Bb4 17. Rc1 O-O 18. Nf3 a6 19. Rc2 Rd8 20. a3 Qb8 21. Qe3 Bxc3 22. Rxc3 h6 23. Qb6 Bc6 24. Ke3 g5 25. g3 f5 26. Ne5 f4+ 27. gxf4 gxf4+ 28. Kf3 Qd6 29. Nxc6 bxc6 30. Qxa6 e5 31. Qf1 Kh8 32. Rc1 Qg6 33. h3 Qh5+ 34. Kg2 Rg8+ 35. Kh1 f3 36. Rc3 Rd8 37. Kh2 Rg8 38. Kh1 Rg6 39. a4 Rd6 40. Kh2 Rg6 41. Kh1 Kh7 42. a5 c5 43. b3 Rd6 44. Kh2 Rg6 45. Kh1 Rd6 46. Kh2 Qf7 47. Qc1 Rg6 48. Qe3 Rf6 49. Rc1 Rg6 50. Rc3 Rf6 51. Rc1 Rg6 52. Rg1 Rxg1 53. Kxg1 Qg6+ 54. Kf1 Qa6+ 55. Kg1 Qg6+ 56. Kf1 1/2-1/2

[Event "USA (ch)"]
[Site "?"]
[Date "1994.??.??"]
[Round "?"]
[White "Shabalov, A."]
[Black "Yermolinsky, A."]
[Result "1/2-1/2"]
[WhiteElo "2600"]
[BlackElo "2590"]
[PlyCount "29"]
[EventDate "1994.??.??"]
[Source "ChessBase"]
[SourceDate "1994.10.01"]

1. c4 c5 2. Nf3 Nf6 3. Nc3 d5 4. cxd5 Nxd5 5. d4 Nxc3 6. bxc3 g6 7. h4 Bg7 8. h5 cxd4 9. hxg6 hxg6 10. Rxh8+ Bxh8 11. cxd4 Nc6 12. Bb2 Bg4 13. e3 Qd5 14. Be2 O-O-O 15. Qa4 1/2-1/2

[Event "Moscow RUS"]
[Site "?"]
[Date "2005.02.23"]
[Round "9"]
[White "Yermolinsky Alex"]
[Black "Timofeev Artyom"]
[Result "1/2-1/2"]
[WhiteElo "2570"]
[BlackElo "2619"]
[PlyCount "62"]
[EventDate "2005.??.??"]
[Source "www.chesslib.no"]
[SourceDate "2004.05.04"]

1. c4 c5 2. Nf3 Nf6 3. Nc3 d5 4. cxd5 Nxd5 5. g3 Nc6 6. Nxd5 Qxd5 7. Bg2 e5 8. O-O Be7 9. d3 O-O 10. Be3 Qe6 11. Qb3 Bd7 12. Nd2 Rac8 13. Bd5 Qd6 14. Ne4 Qc7 15. Rac1 b6 16. f4 Nd4 17. Bxd4 exd4 18. Rf2 g6 19. Rcf1 Bf5 20. Ng5 Bf6 21. Be4 Qd7 22. Bxf5 gxf5 23. a4 Rfe8 24. Nf3 Re3 25. Qc4 Rce8 26. Re1 h5 27. b3 Kh7 28. Qb5 Qe6 29. Qc4 Qd7 30. Qb5 Qe6 31. Qc4 Qd7 1/2-1/2

[Event "Ch (Men) Santa Clara CUB"]
[Site "?"]
[Date "2006.04.04"]
[Round "1.1"]
[White "Bruzon Bautista Lazaro"]
[Black "Arencibia Walter"]
[Result "1-0"]
[WhiteElo "2652"]
[BlackElo "2535"]
[PlyCount "71"]
[EventDate "2006.??.??"]
[Source "www.chesslib.no"]
[SourceDate "2004.05.04"]

1. Nf3 c5 2. c4 Nf6 3. Nc3 d5 4. cxd5 Nxd5 5. d4 Nxc3 6. bxc3 g6 7. e3 Bg7 8. Bb5+ Nd7 9. O-O O-O 10. Ba3 Nf6 11. Rc1 b6 12. Ne5 Qc7 13. Qe2 Bb7 14. Bd3 Rfd8 15. e4 Rac8 16. Nf3 Nh5 17. g3 Qd7 18. Rcd1 Qg4 19. Qe3 cxd4 20. cxd4 f5 21. h3 Qxh3 22. Ng5 f4 23. Qe2 Nxg3 24. Bc4+ e6 25. Qf3 Rxc4 26. Nxh3 Bxe4 27. Qg4 Bf5 28. Qh4 Ne2+ 29. Kh2 Rdxd4 30. Rxd4 Rxd4 31. Qe7 h6 32. Bb2 Bf8 33. Qf6 Rd3 34. Ng1 f3 35. Be5 g5 36. Re1 1-0

[Event "Olimpiadi 2008 - open"]
[Site "Dresda GER"]
[Date "2008.11.21"]
[Round "8"]
[White "Predojevic, B."]
[Black "Zhao Zong Yuan"]
[Result "1/2-1/2"]
[WhiteElo "2615"]
[BlackElo "2567"]
[PlyCount "59"]
[EventDate "2008.11.13"]
[Source "www.chesslib.no"]
[SourceDate "2004.05.04"]

1. Nf3 c5 2. c4 Nf6 3. Nc3 d5 4. cxd5 Nxd5 5. g3 Nc6 6. Bg2 Nc7 7. O-O e5 8. d3 Be7 9. Be3 O-O 10. Qa4 Bd7 11. Rfc1 b6 12. a3 Rb8 13. Qd1 a5 14. Nd2 Nd4 15. Rab1 Kh8 16. Bxd4 exd4 17. Nd5 Nxd5 18. Bxd5 a4 19. b3 axb3 20. Nf3 f6 21. Qxb3 b5 22. Nd2 f5 23. Qa2 Bd6 24. Be6 Be8 25. Rc2 Qe7 26. Bd5 Bd7 27. Rbc1 h6 28. Bf3 Rfc8 29. Bd5 Kh7 30. Nf3 1/2-1/2

[Event "Lone Pine Open"]
[Site "Lone Pine, CA USA"]
[Date "1979.??.??"]
[Round "2"]
[White "Korchnoi, Viktor L"]
[Black "Reshevsky, Samuel H"]
[Result "1/2-1/2"]
[WhiteElo "2695"]
[BlackElo "2485"]
[PlyCount "98"]
[EventDate "1979.03.??"]
[Source "www.chesslib.no"]
[SourceDate "2004.05.04"]

1. c4 c5 2. Nf3 Nf6 3. Nc3 d5 4. cxd5 Nxd5 5. d4 Nxc3 6. bxc3 g6 7. Bg5 Bg7 8. e3 O-O 9. Qd2 cxd4 10. cxd4 b6 11. Rd1 Bb7 12. Be2 Nd7 13. O-O Nf6 14. Qb4 Qd6 15. Qxd6 exd6 16. Nd2 Rfc8 17. Rc1 Rxc1 18. Rxc1 Rc8 19. Rxc8+ Bxc8 20. Bxf6 Bxf6 21. Ne4 Be7 22. Nc3 f5 23. Bc4+ Kg7 24. Nd5 Bd8 25. Kf1 Be6 26. Nxb6 Bxb6 27. Bxe6 f4 28. exf4 Bxd4 29. h4 Kf6 30. Bd7 h6 31. g4 g5 32. fxg5+ hxg5 33. f4 gxh4 34. Kg2 d5 35. g5+ Ke7 36. Bh3 Be3 37. Kf3 d4 38. Bf1 Kd6 39. Kg4 d3 40. Bxd3 h3 41. Be4 h2 42. a4 a5 43. Bh1 Bd2 44. f5 Ke5 45. f6 Ke6 46. Kh5 Kf5 47. f7 Bb4 48. Kh6 Bf8+ 49. Kh7 Kxg5 1/2-1/2

[Event "WchT (CUB-SUI"]
[Site "WchT Luzern (CUB-SUI"]
[Date "1993.??.??"]
[Round "?"]
[White "Nogueiras, Jesus"]
[Black "Korchnoi, Viktor L"]
[Result "1/2-1/2"]
[WhiteElo "2570"]
[BlackElo "2605"]
[PlyCount "36"]
[EventDate "1993.??.??"]
[Source "www.chesslib.no"]
[SourceDate "2004.05.04"]

1. Nf3 c5 2. c4 Nf6 3. Nc3 d5 4. cxd5 Nxd5 5. g3 Nc6 6. Bg2 Nc7 7. Qa4 Bd7 8. Qe4 g6 9. Rg1 f6 10. Qf4 Bg4 11. Qe4 Nd5 12. Qf4 Rc8 13. Qe3 Qd6 14. a4 Kf7 15. Nh4 Kg8 16. Rf1 f5 17. f4 b6 18. Qxe7 Rb8 1/2-1/2

[Event "WchT 3rd"]
[Site "Lucerne SUI"]
[Date "1993.??.??"]
[Round "4"]
[White "Nogueiras, Jesus"]
[Black "Korchnoi, Viktor L"]
[Result "1/2-1/2"]
[WhiteElo "2570"]
[BlackElo "2605"]
[PlyCount "36"]
[EventDate "1993.10.??"]
[Source "www.chesslib.no"]
[SourceDate "2004.05.04"]

1. Nf3 c5 2. c4 Nf6 3. Nc3 d5 4. cxd5 Nxd5 5. g3 Nc6 6. Bg2 Nc7 7. Qa4 Bd7 8. Qe4 g6 9. Ne5 Bg7 10. Nxd7 Qxd7 11. Qa4 Ne6 12. d3 Rc8 13. Be3 Ned4 14. Rc1 O-O 15. O-O Rfd8 16. Bxd4 Bxd4 17. Rfd1 b6 18. e3 Bxc3 1/2-1/2

[Event "Bugojno"]
[Site "Bugojno"]
[Date "1984.??.??"]
[Round "?"]
[White "Larsen, Bent"]
[Black "Timman, Jan H"]
[Result "1/2-1/2"]
[WhiteElo "2565"]
[BlackElo "2610"]
[PlyCount "74"]
[EventDate "1984.05.??"]
[Source "ChessBase"]

1. Nf3 Nf6 2. c4 c5 3. Nc3 d5 4. cxd5 Nxd5 5. e4 Nb4 6. Bc4 Nd3+ 7. Ke2 Nf4+ 8. Kf1 Ne6 9. Ne5 g6 10. Qa4+ Bd7 11. Nxd7 Qxd7 12. Bxe6 fxe6 13. Qxd7+ Kxd7 14. d3 Nc6 15. Be3 b6 16. h4 Bg7 17. h5 Raf8 18. hxg6 hxg6 19. Ke2 Bd4 20. Raf1 e5 21. Kd2 g5 22. b3 Bxc3+ 23. Kxc3 g4 24. Rxh8 Rxh8 25. g3 Nd4 26. a3 a5 27. Ra1 Ne2+ 28. Kd2 Nd4 29. Kc3 Kd6 30. Kb2 b5 31. b4 cxb4 32. axb4 a4 33. Rc1 Nb3 34. Rc3 Kd7 35. Rxb3 axb3 36. Kxb3 Rc8 37. Kb2 Rc6 1/2-1/2

[Event "60th ch-RUS Higher League"]
[Site "Krasnoyarsk RUS"]
[Date "2007.09.12"]
[Round "9"]
[White "Ovetchkin, R."]
[Black "Nepomniachtchi, I."]
[Result "1/2-1/2"]
[WhiteElo "2557"]
[BlackElo "2613"]
[PlyCount "140"]
[EventDate "2007.09.03"]
[Source "www.chesslib.no"]
[SourceDate "2004.05.04"]

1. Nf3 Nf6 2. c4 c5 3. Nc3 d5 4. cxd5 Nxd5 5. e4 Nb4 6. Bb5+ N8c6 7. d4 cxd4 8. a3 dxc3 9. Qxd8+ Kxd8 10. axb4 cxb2 11. Bxb2 f6 12. e5 Bd7 13. O-O Nxe5 14. Rfd1 Ke8 15. Bxd7+ Nxd7 16. Nd4 Nb6 17. Nb5 Kf7 18. Rac1 a6 19. Nc7 Rc8 20. Bd4 Nd7 21. b5 axb5 22. Nxb5 Rc6 23. Rxc6 bxc6 24. Na7 e5 25. Be3 Ke6 26. Nxc6 Bd6 27. g3 g5 28. h3 h6 29. g4 h5 30. Kg2 hxg4 31. hxg4 Rc8 32. Rc1 Ra8 33. Na7 Rh8 34. Nb5 Rb8 35. Nc3 Rb4 36. f3 Bc5 37. Bxc5 Nxc5 38. Nd1 Nd3 39. Rc6+ Kf7 40. Ne3 Rb2+ 41. Kg3 Nf4 42. Rc2 Rb6 43. Nc4 Ra6 44. Rd2 Ke6 45. Rb2 Kd5 46. Nd2 Ne2+ 47. Kf2 Nd4 48. Ke3 Ra1 49. Kf2 Ra3 50. Kg2 Ke6 51. Kf2 Kf7 52. Rb7+ Kg6 53. Rb2 Rd3 54. Ra2 Rc3 55. Rb2 Ra3 56. Kg2 Re3 57. Kf2 Re2+ 58. Kg3 f5 59. gxf5+ Nxf5+ 60. Kh3 Rf2 61. Nc4 Rxf3+ 62. Kh2 Kh5 63. Nxe5 Re3 64. Rb5 Re2+ 65. Kg1 Ng3 66. Nf3 Ne4 67. Re5 Kg4 68. Nxg5 Re1+ 69. Kg2 Re2+ 70. Kg1 Re1+ 1/2-1/2

[Event "Palma de Mallorca"]
[Site "Palma de Majorca ESP"]
[Date "1972.??.??"]
[Round "7"]
[White "Polugaevsky, Lev A"]
[Black "Gheorghiu, Florin"]
[Result "1-0"]
[WhiteElo "2645"]
[BlackElo "2520"]
[PlyCount "69"]
[EventDate "1972.??.??"]
[Source "www.chesslib.no"]
[SourceDate "2004.05.04"]

1. c4 c5 2. Nf3 Nf6 3. Nc3 d5 4. cxd5 Nxd5 5. g3 Nc6 6. Bg2 Nc7 7. d3 e5 8. Nd2 Qd7 9. O-O b6 10. Nc4 f6 11. a4 Be7 12. f4 exf4 13. Bxf4 Ne6 14. a5 Nxf4 15. Rxf4 Rb8 16. axb6 axb6 17. Nd5 Bd8 18. Re4+ Kf7 19. Qb3 Nd4 20. Rxd4 cxd4 21. Nb4 Kg6 22. Nc6 Qc7 23. Nxb8 Qxb8 24. Qb5 Qc7 25. Qd5 Re8 26. Nd6 Re5 27. Be4+ Kh5 28. Qg8 b5 29. Nf7 Rxe4 30. Qxh7+ Kg4 31. Rf1 Re5 32. Qg6+ Rg5 33. Qe4+ Kh5 34. Qh7+ Kg4 35. Qh4# 1-0

[Event "Palma de Mallorca"]
[Site "Palma de Majorca ESP"]
[Date "1972.??.??"]
[Round "?"]
[White "Gheorghiu, Florin"]
[Black "Korchnoi, Viktor L"]
[Result "1-0"]
[WhiteElo "2520"]
[BlackElo "2640"]
[PlyCount "93"]
[EventDate "1972.??.??"]
[Source "www.chesslib.no"]
[SourceDate "2004.05.04"]

1. c4 c5 2. Nf3 Nf6 3. Nc3 d5 4. cxd5 Nxd5 5. g3 Nc6 6. Bg2 Nc7 7. d3 g6 8. Be3 Ne6 9. O-O Bg7 10. Na4 Ncd4 11. Rc1 Qa5 12. Nxc5 Nxf3+ 13. Bxf3 Nxc5 14. Rxc5 Qxa2 15. b4 O-O 16. Rc7 Bf6 17. Qb1 Qa4 18. Rfc1 Rb8 19. Qc2 Qa3 20. Bh6 Bg7 21. Bxg7 Kxg7 22. Qc5 Qb2 23. Qxa7 Bh3 24. Qa1 Qxa1 25. Rxa1 Rfc8 26. Rxe7 Rc2 27. Bd5 Rbc8 28. f4 Bg4 29. Ra7 Rxe2 30. Rxe2 Bxe2 31. Rxb7 Rd8 32. Rxf7+ Kh6 33. Bc4 Bxd3 34. Bxd3 Rxd3 35. Kg2 Rd2+ 36. Kh3 Rb2 37. Rb7 Rf2 38. b5 Rf1 39. Kh4 Rf3 40. h3 Rf2 41. Rf7 Rb2 42. g4 g5+ 43. fxg5+ Kg6 44. Rf6+ Kg7 45. Rb6 Rb3 46. g6 h6 47. g5 1-0

[Event "Campionato europeo 2007"]
[Site "Dresda GER"]
[Date "2007.04.12"]
[Round "9.47"]
[White "Nepomniachtchi, Ian"]
[Black "Baramidze, David"]
[Result "1-0"]
[WhiteElo "2602"]
[BlackElo "2543"]
[PlyCount "45"]
[EventDate "2007.04.03"]
[Source "www.chesslib.no"]
[SourceDate "2004.05.04"]

1. Nf3 c5 2. c4 Nf6 3. Nc3 d5 4. cxd5 Nxd5 5. e4 Nxc3 6. dxc3 Qxd1+ 7. Kxd1 g6 8. Be3 b6 9. Bc4 e6 10. Ke2 Bb7 11. Bb5+ Bc6 12. a4 a6 13. Bxc6+ Nxc6 14. Nd2 Be7 15. Nc4 Rb8 16. Rhd1 O-O 17. Rd7 b5 18. axb5 axb5 19. Na5 Nxa5 20. Rxa5 Bd8 21. Raa7 b4 22. Bh6 bxc3 23. bxc3 1-0